Rob's General Knowledge #5 - Statistics

General Stats
  • This quiz has been taken 24 times
  • The average score is 6 of 20
Answer Stats
Question Answer % Correct
Created by Tom Clancy, Captain Marko Ramius is the commander of which Soviet nuclear submarine? Red October
67%
Which country uses the car registration code 'ROK'? South Korea
56%
Which French President famously asked "How can you govern a country which has 246 varieties of cheese"? Charles de Gaulle
50%
Members of the 'Intellectual Fight Club' take part in boxing and which other event? Chess
50%
What distinctive item of clothing was worn by: German WWII officer Claus von Stauffenberg; journalist Marie Colvin; Israeli politician Moshe Dayan; and rapper Slick Rick? Eyepatch
44%
Which variety of brown sugar takes its name from the region of modern-day Guyana where it was heavily cultivated as part of the slave trade? Demerara
39%
Ossicles are projected horn-like bone structures found on the skulls of which mammal? Giraffes
39%
The early draft of bestseller 'Fifty Shades of Grey' was originally written as erotic fan fiction for which book/film series? Twilight
39%
Commonly worn in equestrian events, which style of tight-fitting trousers takes its name from a city in Rajasthan, India? Jodphurs
28%
Erethism, also known as 'mad hatter's disease', is a neurological illness caused by what substance? Mercury
28%
The strategy board game Reversi is alternatively named after which Shakespearean character? Othello
28%
Irish-American cook Mary Mallon became notorious in the late-nineteenth and early-twentieth centuries as an asymptomatic carrier of which disease? Typhoid
28%
Which period of US history was known as 'the noble experiment'? Prohibition
22%
Which notable conspiracy theorist claimed in 2017 that the Pentagon was putting chemicals in the water supply which had turned all the frogs in the United States gay? Alex Jones
17%
Microsoft's virtual assistant 'Cortana' was named after a synthetic intelligence character in which video game series? Halo
17%
Which instrument is typically used to tune the ensemble in a standard orchestra? Oboe
17%
Pule cheese - a delicacy in Serbia - is made using the milk of goats and which other animal? Donkeys
11%
Released in May 2024, "Radical Optimism' was the third studio album by which singer? Dua Lipa
11%
Which popular social media platform has as its icon a cartoon alien named Snoo? Reddit
11%
First introduced by the Hanna-Barbera animation studio in 1969, by what name might you better know the character Norville Rogers? Shaggy
11%
No matching quizzes found
Score Distribution
Percent of People with Each Score
Percentile by Number Answered
Your Score History
You have not taken this quiz